00311 2200133 4500001002100000005001500021035002000036245003600056260003900092082000800131084001200139990001300151990001300164INLIS00000000000256720250605113935 a0010-0625000153 aPemecah Record; /cStorm Dunlap aJakarta :bPT. Mandiri Jaya,c1994 a600 a600 PEM a04201022 a04201023